Top 100 - Statistiques

Statistiques générales
  • Ce quiz a été pris 84 fois
  • Le résultat moyen est 23 sur 100
Statistiques - réponses
Hint Réponse % Correct
83 Type-M/C-
81%
6 Fracture Ray
71%
1 チョコ式スピードランver5
57%
16 Verdant
57%
4 Verdant Double
57%
9 My Front Yard
52%
5 Nostalgic Endeavours
52%
2 紫電一閃の如く駆け抜けろ!Speed Run -月華- 210S
52%
3 君の銀の庭 <90s>
48%
25 Diamond Dust
43%
14 Glacial Eclipse
43%
7 -Geranium-
38%
39 Hivemind
38%
46 Kitty Manya
38%
8 きらきらあくむ ~Ominous Organisms~
38%
33 Ultimate Speedrun 〜熾烈〜
38%
72 Ultimate Speedrun 滄澜 90s
38%
12 〜Astrantia〜 80s
33%
11 ぱりぱりあくむ ~Chain Complexes~
33%
57 Edge of Dawn
33%
59 Insomniac Impasse
33%
17 JC's Fast N Furious
33%
38 NE But Easy
33%
68 Overture #TS
33%
13 AQuA's ultimate speed run 煩悶
29%
61 Archipelagic Ashes
29%
20 Daphne's Finale
29%
90 Deep Impact
29%
10 ふわふわあくむ ~Duplicated Destructors~
29%
15 〜Lunaria〜 80s
29%
37 -Mithra-
29%
49 Niflheim
29%
47 Ozymandias
29%
18 Squadrons - 60s
29%
60 前途ある若者が極限状態下で生み出す総合芸術
24%
19 -Aphantasia- 60s
24%
92 Blades of Forsaken
24%
99 Bubblebath
24%
36 Eleutheria- 60s
24%
100 Fermeture
24%
24 GOOD LUCK
24%
95 Rain of Amethyst
24%
42 Rain of Amethyst Double
24%
88 Sanyx's Ultimate Destination
24%
85 Shellguruchan!!
24%
62 Shellstew
24%
76 Starshiner
24%
91 The lunar farside
24%
23 Uneasiness/Repel
24%
66 Atrocity
19%
52 Bombshell Wasteland
19%
26 Death Escape
19%
34 Madder Red Singularity 90s
19%
21 Mario of Heaven
19%
67 Olympus Peak
19%
48 Overheat - 50s
19%
69 Scarlet Stronghold Double
19%
43 Yoshivenetus Double
19%
77 Bedlam
14%
22 Castle of Aya: Revive+
14%
82 Determination's Review
14%
75 ~Eucalyptus~
14%
31 Final Challenge:Speed Run-久遠-
14%
80 Genocide
14%
28 -Gerbera- 80s
14%
81 Greater Fusion
14%
96 iSEKAI 〜異世界〜
14%
58 JC's Dunes of a Kaizo Oasis
14%
44 Kamikatze Shells Double
14%
89 Kingboo97's Horror House
14%
98 Lily Of The Valley 〜約束〜
14%
29 Mirage - Yggdrasil / 50s
14%
78 Molten Void
14%
74 Quaternion
14%
54 虹 (rainbow)
14%
30 疾風怒濤の如く駆け抜けろ!スピードラン~緋桜~V2
14%
35 Zealotry «90s»
14%
41 雪原テンプレ 極み
10%
63 暗き世界を照らせその虹色の翼 〜鳳凰〜
10%
40 Cistus Albidus
10%
45 Happy new year speedrun 世界のケシカス
10%
51 inanimate sensation
10%
64 "It's just a game"
10%
86 Kaizo Encounters of the 3D Kind
10%
97 Precisely Precision ~羽華~[140s]
10%
73 Precision: Morpha's Manor
10%
65 The Last Memories 《冥華》 ~170s~
10%
56 trinity 70sec
10%
32 聖跡(110s)
5%
71 Çrimsoл pętals 〜Lyçoris radiatą〜
5%
79 Gatsby
5%
53 Hard Mario: Perpetual Paradise
5%
87 Impregnable Defense
5%
55 One Last Breath
5%
84 Pokémon Journeys
5%
50 The amusement park
5%
27 Trepsichora 90s
5%
93 A Risky Thoroughfare
0%
70 Golden Ascent: Adventure’s End
0%
94 Scourge of the Universe
0%
Aucun quiz correspondant
Distribution des résultats
% des personnes avec chaque résultat
Percentile par nombre de réponses
Votre historique - résultats
Vous n’avez pas pris ce quiz